000 00658cam a2200253 4500
008 090401t1996 xxu||||| |||| 00| 0 eng d
020 _a0851423671
035 _a(Sirsi) u71996
041 _aeng
050 _a025.1
100 _aCrawford, John
245 _aEvaluation of library and information services.
260 _aLondon
_bASLIB
_c1996
300 _a52p. ; 23cm.
350 _a10
490 _aAslib Know How Guide
650 _aEVALUATION
650 _aLIBRARIES
690 _aMANAGEMENT-BUSINESS MANAGEMENT-PROFESSIONAL PRACTICE
700 _aWebb, Sylvia P.
_xEditor
710 _aAslib
_9760
942 _n0
948 _c04/03/1997
999 _c95472
_d95472